Loading...

Electric dirive tr by Jacob Feinberg /

Bibliographic Details
Main Author: Chilikin, M.
Language:Undetermined
Published: 1970.
LEADER 00533nam a2200133Ia 4500
001 123128
008 170722s9999 xx 000 0 und d
100 |a Chilikin, M. 
245 |a Electric dirive tr by Jacob Feinberg / 
260 |c 1970. 
942 |c GEN 
999 |c 80194  |d 80194 
952 |0 0  |1 0  |4 0  |6 D_66_000000000000000_LOLO1  |7 0  |9 112465  |a LIB  |b LIB  |d 2017-08-12  |o D66 LO-LO;1  |p 135707  |r 2017-08-12  |w 2017-08-12  |y GEN 
952 |0 0  |1 0  |4 0  |6 D_66_000000000000000_LOLO1  |7 0  |8 LC1  |9 112466  |a LIB  |b LIB  |d 2017-08-12  |h LC1  |o D66 LO-LO;1  |p 152302  |r 2017-08-12  |w 2017-08-12  |y GEN